Purchasing Power Parities and Real Expenditures GK Results 1990

Uložené v:
Podrobná bibliografia
Médium: Kniha
Jazyk:English
French
Vydavateľské údaje: Paris OECD 1993
Edícia:Statistics Directorate
Predmet:
Tagy: Pridať tag
Žiadne tagy, Buďte prvý, kto otaguje tento záznam!

MARC

LEADER 00000nam a2200000 4500
001 c005143
005 20240422075241.6
020 |a 92-64-03897-3 
041 0 |a eng 
041 0 |a fre 
044 |a FR 
245 1 0 |a Purchasing Power Parities and Real Expenditures  |b GK Results 1990 
264 1 |a Paris  |b OECD  |c 1993 
300 |a 93 s. 
490 1 |a Statistics Directorate 
830 0 |a Statistics Directorate 
610 2 0 |a parita 
610 2 0 |a sila kúpna peňazí 
610 2 0 |a ICP 
610 2 0 |a SNA 
610 2 0 |a výdavky 
610 2 0 |a produkt domáci hrubý 
610 2 0 |a ceny svetové 
610 2 0 |a ceny vnútorné 
610 2 0 |a spotreba individuálna 
610 2 0 |a domácnosti 
610 2 0 |a spotreba spoločenská 
610 2 0 |a výdavky rozpočtu štátneho 
610 2 0 |a výdavky obyvateľstva